00248nam a2200097Ia 4500008004100000041000800041082001100049100002000060245003500080260003500115231212s1979 xx 000 0 und d aeng a621.01 aFeckrich Burche aPromblems In Practical Physics aSingapourebMc Graw Hillc1979